Paths Uncharted (Record no. 359328)

MARC details
000 -LEADER
fixed length control field 00324nam a2200133Ia 4500
008 - FIXED-LENGTH DATA ELEMENTS--GENERAL INFORMATION
fixed length control field 240808s9999 xx 000 0 und d
020 ## - INTERNATIONAL STANDARD BOOK NUMBER
International Standard Book Number 9789385360626
041 ## - LANGUAGE CODE
Language code of text/sound track or separate title eng
082 ## - DEWEY DECIMAL CLASSIFICATION NUMBER
Classification number 720.95/DOS
100 ## - MAIN ENTRY--PERSONAL NAME
Personal name Doshi B
9 (RLIN) 208096
245 ## - TITLE STATEMENT
Title Paths Uncharted
260 ## - PUBLICATION, DISTRIBUTION, ETC. (IMPRINT)
Name of publisher, distributor, etc. Mapin Publishing
Date of publication, distribution, etc. 2019
Place of publication, distribution, etc. Ahmedabad
300 ## - PHYSICAL DESCRIPTION
Extent 439p
Holdings
Withdrawn status Lost status Source of classification or shelving scheme Damaged status Not for loan Collection code Home library Current library Date acquired Vendor Budget Code Cost, normal purchase price Bill number Total Checkouts Total Renewals Full call number Barcode Date last seen Date last checked out Discount Cost, replacement price Bill Date Koha item type Original Barcode
    Dewey Decimal Classification     Book of B Arch Dr. Bhanuben Nanavati College of Architecture Dr. Bhanuben Nanavati College of Architecture 01/08/2024 The Word Book Shop BNCA B ARC 1067.85 Word/2024/CRB/554 10 4 720.95/DOS BNCA-BK-12782 27/03/2026 20/03/2026 37 1695.00 30/06/2024 Books BK12782